Loreto College Library, Kolkata
WEBOPAC (ONLINE PUBLIC ACCESS CATALOGUE)

The sociology of education (Record no. 26261)

MARC details
000 -LEADER
fixed length control field 00592nam a2200205Ia 4500
008 - FIXED-LENGTH DATA ELEMENTS--GENERAL INFORMATION
fixed length control field 131103s9999 xx 000 0 und d
020 ## - ISBN | অাই এস বি এন
ISBN | অাই এস বি এন 138201765
040 ## - CATALOGING SOURCE
Original cataloging agency Loreto College
041 ## - LANGUAGE CODE
Language code English
082 ## - DDC | ডিউই
Classification number | বর্গসংখ্যা 370.1/BAL
Book Number | গ্রন্থাঙ্ক LCBED/11380
100 ## - MAIN ENTRY--PERSONAL NAME | মুখ্য সংলেখ - ব্যাক্তিনাম
Personal name | ব্যাক্তিনাম Ballantine, Jeanne H.
245 #4 - TITLE STATEMENT | অাখ্যা বিবরণী
Title | অাখ্যা The sociology of education
Sub title | উপঅাখ্যা a systematic analyasis
Statement of responsibility | লেখকের দায়িত্বের বিবরণ Jeanne H.Ballantine
250 ## - EDITION STATEMENT | সংস্করণ ক্ষেত্র
Edition statement | সংস্করণ 2nd. ed.
260 ## - IMPRINT | প্রকাশনা ক্ষেত্র
Place of publication | প্রকাশ স্থান New Jersey
Name of publisher | প্রকাশকের নাম Prentic hall
Date of publication | প্রকাশ কাল 191983
300 ## - PHYSICAL DESCRIPTION |
Page / Vol. No | পৃষ্ঠা / খন্ড সংখ্যা 401p.
Other physical details | অনান্য বাহ্যিক বিবরণ tables
504 ## - BIBLIOGRAPHY, ETC. NOTE
Bibliography, etc Includes references and index
650 ## - SUBJECT ADDED ENTRY--TOPICAL TERM | বিষয় শিরোনাম - মূল বিষয়
Topical term | মূল বিষয় Education
850 ## - HOLDING INSTITUTION
Holding institution LCBED/370.1/BAL
942 ## - ADDED ENTRY ELEMENTS (KOHA)
Koha item type Books
Holdings
Withdrawn status Lost status Damaged status Not for loan Home library Current library Date acquired Total Checkouts Full call number Accession No. Date last seen Price effective from Koha item type
        Loreto College Loreto College 04/11/2013   370.1/BAL LCBED/11380 B29103 04/11/2013 04/11/2013 Books